Detroit Lions Season Records - Statistics

General Stats
  • This quiz has been taken 30 times
    5 since last reset
  • The average score is 70 of 96
Answer Stats
Year Answer % Correct
2021 Losing
100%
2020 Losing
100%
2019 Losing
100%
2018 Losing
100%
2015 Losing
100%
2025 Winning
100%
2024 Winning
100%
2023 Winning
100%
2022 Winning
100%
2017 Winning
100%
2016 Winning
100%
2013 Losing
75%
2012 Losing
75%
2010 Losing
75%
2009 Losing
75%
2008 Losing
75%
2007 Losing
75%
2006 Losing
75%
2005 Losing
75%
2004 Losing
75%
2003 Losing
75%
2002 Losing
75%
2001 Losing
75%
1998 Losing
75%
1996 Losing
75%
1992 Losing
75%
1990 Losing
75%
1989 Losing
75%
1988 Losing
75%
1987 Losing
75%
1986 Losing
75%
1985 Losing
75%
1984 Losing
75%
1982 Losing
75%
1979 Losing
75%
1978 Losing
75%
1977 Losing
75%
1976 Losing
75%
1973 Losing
75%
1968 Losing
75%
1967 Losing
75%
1966 Losing
75%
1965 Losing
75%
1963 Losing
75%
1959 Losing
75%
1958 Losing
75%
1955 Losing
75%
1981 Tied
75%
1975 Tied
75%
1974 Tied
75%
1950 Tied
75%
2014 Winning
75%
2011 Winning
75%
2000 Winning
75%
1999 Winning
75%
1997 Winning
75%
1995 Winning
75%
1994 Winning
75%
1993 Winning
75%
1991 Winning
75%
1983 Winning
75%
1980 Winning
75%
1972 Winning
75%
1971 Winning
75%
1970 Winning
75%
1969 Winning
75%
1964 Winning
75%
1962 Winning
75%
1961 Winning
75%
1960 Winning
75%
1957 Winning
75%
1956 Winning
75%
1954 Winning
75%
1953 Winning
75%
1952 Winning
75%
1951 Winning
75%
1949 Losing
50%
1948 Losing
50%
1947 Losing
50%
1946 Losing
50%
1943 Losing
50%
1942 Losing
50%
1941 Losing
50%
1930 Losing
50%
1940 Tied
50%
1945 Winning
50%
1944 Winning
50%
1939 Winning
50%
1938 Winning
50%
1937 Winning
50%
1936 Winning
50%
1935 Winning
50%
1934 Winning
50%
1933 Winning
50%
1932 Winning
50%
1931 Winning
50%
No matching quizzes found
Score Distribution
Percent of People with Each Score
Percentile by Number Answered
Your Score History
You have not taken this quiz since the last reset